000 00770nam a2200241Ia 4500
003 GCL
008 140319s9999 xx 000 0 ara d
020 _a0842523510
040 _aGCL /
_cGCL
082 0 4 _a297.261
_bG I
100 1 _aMARMURA, MICHAEL E.
245 1 0 _aTHE INCOHERENCE OF THE PHILOSOPHERS = تهافت الفلاسفة /
_cMARMURA, MICHAEL E.
700 1 _aAL-GHAZALI
250 _a1ST
260 _aنيويورك :
_bBRIGHAM YOUNG UNIVERSITY PRESS ،
_c1997
300 _a24 CM ؛
_c261 P
490 _aISLAMIC TRANSLATION SERIES
_v0
650 0 4 _aPHILOSOPHY - EARLY WORKS TO 1800
650 0 4 _aMETHODOLOGY - EARLY WORKS TO 1800
650 0 4 _aFAITH AND REASON - ISLAM - EARLY WORKS TO 1800
650 0 4 _aISLAM - DOCTRINES
942 _2ddc
_cBK
999 _c8850
_d8850